Kapitálové trhy v strednej Európe
Materiály prevzaté zo servisu agentúry Bloomberg Business News. Pokles cien akcií českých spoločností a bánk. Škoda a VW. Uprednostňovanie štátnych dlhopisov pred akciami u investorov v strednej Európe. BCP Praha. Preťaženosť poľských maklérskych firiem. Ratingová spoločnosť Moody's Investors Servic...
Salvato in:
| Natura: | Capitolo di libro |
|---|---|
| Lingua: | slovacco |
| Soggetti: | |
| Tags: |
Nessun Tag, puoi essere il primo ad aggiungerne!!
|
MARC
| LEADER | 00000naa a2200000 4500 | ||
|---|---|---|---|
| 001 | r015144 | ||
| 005 | 20221213114504.5 | ||
| 041 | 0 | |a slo | |
| 044 | |a SK | ||
| 245 | 1 | 0 | |a Kapitálové trhy v strednej Európe |
| 520 | |a Materiály prevzaté zo servisu agentúry Bloomberg Business News. Pokles cien akcií českých spoločností a bánk. Škoda a VW. Uprednostňovanie štátnych dlhopisov pred akciami u investorov v strednej Európe. BCP Praha. Preťaženosť poľských maklérskych firiem. Ratingová spoločnosť Moody's Investors Service asi zvýši stupeň hodnotenia zahraničného dlhu ČR. | ||
| 610 | 2 | 0 | |a trh kapitálový |
| 610 | 2 | 0 | |a burzy |
| 610 | 2 | 0 | |a stredná Európa |
| 610 | 2 | 0 | |a Maďarsko |
| 610 | 2 | 0 | |a Česko |
| 610 | 2 | 0 | |a Slovensko |
| 610 | 2 | 0 | |a Poľsko |
| 610 | 2 | 0 | |a papiere cenné |
| 610 | 2 | 0 | |a akcie |
| 610 | 2 | 0 | |a dlhopisy |
| 610 | 2 | 0 | |a rating |
| 610 | 2 | 0 | |a obchody burzové |
| 610 | 2 | 0 | |a obchody mimoburzové |
| 610 | 2 | 0 | |a Moody's Investors Service |
| 610 | 2 | 0 | |a Škoda Auto |
| 610 | 2 | 0 | |a Volkswagen |